|
|
|
|
| LEADER |
00000nab#a22000007a#4500 |
| 001 |
arbauad010411 |
| 003 |
AR-BaUAD |
| 005 |
20250711111118.0 |
| 008 |
950424|||||||||###||||||b###|0###a|spa|| |
| 040 |
|
|
|a AR-BaUAD
|c AR-BaUAD
|b spa
|
| 245 |
1 |
0 |
|a Temas, proyectos y obras
|b Montevideo
|
| 300 |
0 |
|
|b axonom., cortes, implant., plantas, vistas
|
| 653 |
|
|
|a URUGUAY
|
| 653 |
|
|
|a MONTEVIDEO
|
| 653 |
|
|
|a SKYLINE MONTEVIDEANO
|
| 653 |
|
|
|a GAETA, JULIO
|
| 653 |
|
|
|a HOTEL VICTORIA PLAZA
|
| 653 |
|
|
|a ARQUITECTURA HOTELERA
|
| 653 |
|
|
|a HOTELES
|
| 653 |
|
|
|a GOMEZ PLATERO
|
| 653 |
|
|
|a WORLD TRADE CENTER
|
| 653 |
|
|
|a KIMELMAN-FLOM-SINGER
|
| 773 |
0 |
|
|t ARQUIS
|g no. 3 [set. 1994], p. 42-47
|
| 942 |
|
|
|c ARTI
|
| 952 |
|
|
|0 0
|1 0
|4 0
|7 0
|9 55331
|a AR-BAuAD
|b AR-BAuAD
|d 2025-07-11
|l 0
|p AAQA010411
|r 2025-07-11 11:11:18
|w 2025-07-11
|y ARTI
|
| 990 |
|
|
|a AQ199
|b TD
|
| 998 |
|
|
|a AAQ
|b BIBUN76
|
| 999 |
|
|
|c 35004
|d 35004
|